00823nam a2200217Ia 4500003000900000008004100009020001800050040001600068080002100084111005300105245020300158260006100361300001400422490003300436650004100469650001500510650002000525650000800545700002700553700002500580IN-BaIIA211028s9999 xx 000 0 eng d a0-937707-45-7 cIIA Library a082.2:52bASP-26 aCambridge Workshopn7thcArizonad1991 Oct. 9-12 0aCool stars, stellar systems and the sunbseventh Cambridge workshop held in Tucson, Arizona, 9-12 Oct 1991cedited by M. S. Giampapa and J. A. Bookbinder  aSan FranciscobAstronomical Society of the Pacificc1992 axv, 710p. aASP conference series; v. 26 aAstronomy and astrophysics thesaurus aCool stars aStellar systems aSun aBookbinder, J. A., ed. aGiampapa, M. S., ed.